MARC details
| 000 -CABECERA |
| campo de control de longitud fija |
01509nam a22002057a 4500 |
| 008 - DATOS DE LONGITUD FIJA--INFORMACIÓN GENERAL |
| campo de control de longitud fija |
250625b |||||||| |||| 00| 0 eng d |
| 020 ## - NÚMERO INTERNACIONAL ESTÁNDAR DEL LIBRO |
| Número Internacional Estándar del Libro |
9798334023819 |
| 040 ## - FUENTE DE LA CATALOGACIÓN |
| Centro/agencia transcriptor |
tbs |
| 041 ## - CÓDIGO DE LENGUA |
| Código de lengua del texto/banda sonora o título independiente |
eng |
| -- |
jpn |
| 100 ## - ENTRADA PRINCIPAL--NOMBRE DE PERSONA |
| Nombre de persona |
Bolen, Jackie |
| 9 (RLIN) |
25581 |
| Término indicativo de función/relación |
author |
| 245 ## - MENCIÓN DE TÍTULO |
| Título |
Learn English with Japanese |
| Resto del título |
: high-beginner English conversation lessons for Japanese speakers (with translations) |
| Mención de responsabilidad, etc. |
/ Jackie Bolen. |
| 260 ## - PUBLICACIÓN, DISTRIBUCIÓN, ETC. |
| Lugar de publicación, distribución, etc. |
[Place of publication not identified] : |
| Nombre del editor, distribuidor, etc. |
[Publisher not identified], |
| Fecha de publicación, distribución, etc. |
[date of publication not identified]. |
| 300 ## - DESCRIPCIÓN FÍSICA |
| Extensión |
210 pages ; |
| Dimensiones |
25 cm. |
| 490 ## - MENCIÓN DE SERIE |
| Mención de serie |
Learn English with Japanese |
| 520 ## - SUMARIO, ETC. |
| Sumario, etc. |
Learn English with Japanese in a fun and interesting way!<br/>It can be difficult to find easy dialogues for English learners with Japanese translations. That’s where this book comes in! These conversations are easy to read, contain simple questions and answers, and the Japanese translation, in case you need it.<br/><br/>Buy a copy of the book if you want to: <br/>Learn English through Japanese — <br/>Pick up some new phrases and expressions — <br/>See similar vocabulary words over and over again — <br/>Spend some time reading material at your level — <br/>See how people speak English in real life — <br/>Gain some confidence for your next trip — <br/>Level up your English language skills in a big way. |
| 650 #0 - PUNTO DE ACCESO ADICIONAL DE MATERIA--TÉRMINO DE MATERIA |
| Término de materia o nombre geográfico como elemento de entrada |
English language |
| Subdivisión general |
Study and teaching |
| -- |
Foreign speakers |
| 9 (RLIN) |
11690 |
| 650 #0 - PUNTO DE ACCESO ADICIONAL DE MATERIA--TÉRMINO DE MATERIA |
| Término de materia o nombre geográfico como elemento de entrada |
English language |
| Subdivisión general |
Self-instruction |
| 9 (RLIN) |
25365 |
| 650 #0 - PUNTO DE ACCESO ADICIONAL DE MATERIA--TÉRMINO DE MATERIA |
| Término de materia o nombre geográfico como elemento de entrada |
English language |
| Subdivisión de forma |
Textbooks for foreign speakers |
| 9 (RLIN) |
6478 |
| 942 ## - ELEMENTOS DE ENTRADA AGREGADA (KOHA) |
| Fuente del sistema de clasificación o colocación |
Clasificación de Library of Congress |